[Event "22nd Open"]
[Site "?"]
[Date "2004.07.05"]
[Round "?"]
[White "Comas Fabrego, Lluis"]
[Black "Felgaer, R"]
[WhiteElo "2490"]
[BlackElo "2587"]
[Result "1-0"]

1. d4 d5 2. c4 c6 3. Nf3 Nf6 4. Nc3 dxc4 5. a4 Bf5 6. e3 e6 7. Bxc4 Bb4 8. O-O O-O 9. Qe2 Bg6 10. Ne5 Nbd7 11. Nxg6 hxg6 12. Rd1 Qa5 13. e4 e5 14. Na2 Be7 15. d5 cxd5 16. exd5 Bd6 17. Bd2 Qc7 18. Rac1 Rac8 19. Bb5 Qb8 20. Bxd7 Nxd7 21. Nc3 Nc5 22. Nb5 Nxa4 23. Qg4 Rxc1 24. Rxc1 Nc5 25. Be3 b6 26. b4 Na6 27. Bd2 Rd8 28. Bg5 Rf8 29. Qd7 Bxb4 30. d6 Nc5 31. Qg4 Ne6 32. Be7 Rc8 33. Rd1 a5 34. Qe4 Nc5 35. Qd5 Nd7 36. Nc7 Bc5 37. Qc6 Nf6 38. Bxf6 gxf6 39. d7 Rd8 40. Nd5 Bd4 41. Nxf6+ Kg7 42. Ne8+ Kf8 43. Nd6 b5 44. Nc8 Kg7 45. g4 b4 46. g5 Kg8 47. Ne7+ Kh7 48. Qf6 

1-0

[Event "22nd Open"]
[Site "?"]
[Date "2004.07.09"]
[Round "?"]
[White "Comas Fabrego, Lluis"]
[Black "Postny, Evgeny"]
[WhiteElo "2490"]
[BlackElo "2563"]
[Result "1-0"]

1. d4 Nf6 2. c4 e6 3. Nc3 Bb4 4. e3 b6 5. Bd3 Bb7 6. Nf3 Ne4 7. O-O Bxc3 8. bxc3 f5 9. Ba3 d6 10. d5 exd5 11. Nd4 Qf6 12. cxd5 Bxd5 13. c4 Bb7 14. f3 Nc5 15. Bxf5 Nbd7 16. Qc2 O-O-O 17. Bb2 Qf7 18. e4 Kb8 19. Bxd7 Qxd7 20. Nf5 Rhg8 21. Rad1 g6 22. Ne3 Qe6 23. Nd5 g5 24. Rde1 Rdf8 25. e5 Bxd5 26. cxd5 Qg6 27. Qxg6 Rxg6 28. Re3 Re8 29. Rd1 dxe5 30. Bxe5 Kb7 31. Kf2 a5 32. g3 Nd7 33. f4 gxf4 34. Bxf4 Rxe3 35. Kxe3 Nf6 36. Kf3 Rg8 37. h3 Rd8 38. d6 c6 39. Bg5 Rf8 40. Kg2 Kc8 41. Rf1 Nd7 42. Re1 b5 43. Re7 b4 44. Rxh7 c5 45. Re7 a4 46. h4 a3 47. Bc1 Rf6 48. h5 Rxd6 49. h6 Nf6 50. g4 Kd8 51. Ra7 Rd7 52. Ra8+ Ke7 53. g5 Kf7 54. Ra6 Ne8 55. g6+ Kg8 56. Bg5 Rd5 57. Bf6 

1-0

[Event "4th Linares Anibal op"]
[Site "?"]
[Date "1997.??.??"]
[Round "?"]
[White "Comas Fabrego, Lluis"]
[Black "Miezis, Normunds"]
[WhiteElo "2465"]
[BlackElo "2555"]
[Result "1-0"]

1. Nf3 c5 2. e3 Nf6 3. c4 e6 4. Nc3 Be7 5. d4 O-O 6. Be2 cxd4 7. Nxd4 Nc6 8. O-O d5 9. cxd5 exd5 10. b3 Bd6 11. Bb2 Re8 12. Ncb5 Be5 13. Rc1 Qb6 14. Qc2 Nb4 15. Qd2 a5 16. a3 Ne4 17. Qd1 Nc6 18. Qc2 Bd7 19. Nf3 Rac8 20. Nxe5 Nxe5 21. Nc7 Qg6 22. Bxe5 Rxe5 23. f4 Ree8 24. Qd3 Rxc7 25. Rxc7 Bc6 26. Qd4 Qd6 27. Qb6 Qxa3 28. Ba6 Nd2 29. Re1 d4 30. Bxb7 Bxb7 31. Rxb7 d3 32. Rb8 Qf8 33. Rxe8 Qxe8 34. Rd1 Qc8 35. Qd4 

1-0

[Event "26th Andorra Open"]
[Site "?"]
[Date "2008.07.27"]
[Round "?"]
[White "Comas Fabrego, Lluis"]
[Black "Lopez Martinez, Josep Manuel"]
[WhiteElo "2495"]
[BlackElo "2531"]
[Result "1-0"]

1. d4 Nf6 2. c4 e6 3. Nc3 Bb4 4. e3 O-O 5. Bd3 c5 6. Ne2 d5 7. cxd5 cxd4 8. exd4 Nxd5 9. a3 Be7 10. O-O Nc6 11. Nxd5 exd5 12. Nf4 Bd6 13. Re1 Bxf4 14. Bxf4 Qf6 15. Be5 Nxe5 16. Rxe5 Rd8 17. Qd2 b6 18. Rae1 Be6 19. h3 Rd6 20. f4 Bd7 21. g4 Rf8 22. Kg2 Qd8 23. f5 f6 24. Qb4 Qc7 25. Re7 a5 26. Qd2 Rf7 27. Qe2 Qd8 28. Re3 h6 29. Bb5 Kh7 30. Bd3 Kg8 31. Qf2 Rc6 32. Qf4 Rc8 33. Kg3 Qc7 34. Qxc7 Rxc7 35. Kf4 Kf8 36. h4 Rc8 37. R1e2 Rc1 38. Re1 Rc8 39. R1e2 Rc7 40. Kf3 Rc8 41. Kg3 Kg8 42. Bb1 Rc6 43. Ba2 Rd6 44. h5 Rf8 45. Rc2 Rd8 46. Rc7 Kf8 47. Kf3 Rc8 48. Rec3 Rxc7 49. Rxc7 Ke7 50. Ke3 Rc6 51. Rb7 Rd6 52. Bb3 Kd8 53. Ra7 Ke8 54. Kd2 Kf8 55. Rb7 Bb5 56. Bd1 Be8 57. Be2 Bd7 58. Ra7 Be8 59. b3 Bc6 60. Rc7 Bd7 61. Rb7 Ke8 62. a4 Kd8 63. Ra7 Rc6 64. Bb5 Rc7 65. Ra8+ Rc8 66. Ra6 Bxb5 67. axb5 

1-0

[Event "Catalunya-chT"]
[Site "?"]
[Date "1998.??.??"]
[Round "?"]
[White "Comas Fabrego, Lluis"]
[Black "Campos Moreno, Javier B"]
[WhiteElo "2550"]
[BlackElo "2525"]
[Result "1-0"]

1. d4 Nf6 2. Nf3 e6 3. Bg5 c5 4. e3 h6 5. Bh4 b6 6. Nbd2 Be7 7. Bd3 Bb7 8. O-O O-O 9. c3 Nc6 10. Re1 cxd4 11. exd4 Nh5 12. Bxe7 Nxe7 13. a4 Nf4 14. Bf1 Qc7 15. g3 Nfg6 16. Bg2 f5 17. Qc2 Rac8 18. Qd3 a5 19. Rac1 Nd5 20. c4 Nb4 21. Qb1 Rce8 22. Re2 d6 23. Rce1 Qd7 24. h4 Nh8 25. Bh3 Qf7 26. Bg2 Qd7 27. b3 Nf7 28. h5 Nh8 29. Nh4 Bxg2 30. Nxg2 Nf7 31. Nf4 Nd8 32. Nf3 Rf6 33. Re3 Qf7 34. R1e2 Qd7 35. Qe1 Qb7 36. Qd1 Qd7 37. Re1 Qb7 38. Qe2 Re7 39. Qd1 Re8 40. Qe2 Re7 41. Ng6 Re8 42. Nfh4 Nf7 43. Nxf5 Rxf5 44. Rxe6 Rxe6 45. Qxe6 Rxh5 46. d5 Qb8 47. f4 Nc2 48. Re4 b5 49. Qe8+ Qxe8 50. Rxe8+ Kh7 51. Nf8+ Kg8 52. Ne6+ Kh7 53. axb5 

1-0

[Event "Catalunya-chT"]
[Site "?"]
[Date "1998.??.??"]
[Round "?"]
[White "Comas Fabrego, Lluis"]
[Black "Movsziszian, Karen"]
[WhiteElo "2550"]
[BlackElo "2505"]
[Result "1-0"]

1. Nf3 g6 2. e4 Bg7 3. d4 d6 4. Be2 Nf6 5. Nc3 O-O 6. O-O c6 7. h3 Qc7 8. Re1 e5 9. Bf1 b5 10. a4 b4 11. dxe5 dxe5 12. Nb1 Rd8 13. Nbd2 c5 14. c3 Nc6 15. Qc2 bxc3 16. bxc3 Na5 17. Nc4 Re8 18. Nxa5 Qxa5 19. Bb5 Bd7 20. Bxd7 Nxd7 21. Nd2 Qa6 22. Qa2 Bh6 23. Nc4 Bxc1 24. Rexc1 Nf6 25. f3 Nh5 26. Rd1 Rad8 27. Ne3 Nf4 28. c4 Rd4 29. Nd5 Nxd5 30. cxd5 Rb8 31. Rdc1 c4 32. Rab1 Rc8 33. Rc3 Qf6 34. Qe2 Qg5 35. Rd1 Rb8 36. Rxc4 Rb2 37. Rc2 Qe3+ 38. Qxe3 Rxd1+ 39. Kh2 Rxc2 40. Qxa7 Kg7 41. Qe7 Rdd2 42. Qxe5+ Kf8 43. Qg3 h5 44. h4 Ra2 45. Qg5 Rd3 46. Qf6 Rdd2 

1-0

[Event "ESP-ch Playoff"]
[Site "?"]
[Date "1993.??.??"]
[Round "?"]
[White "Comas Fabrego, Lluis"]
[Black "Magem Badals, Jordi"]
[WhiteElo "2435"]
[BlackElo "2505"]
[Result "1-0"]

1. d4 f5 2. g3 Nf6 3. Bg2 g6 4. Nf3 Bg7 5. O-O O-O 6. c4 d6 7. Nc3 c6 8. Qc2 Kh8 9. b3 Be6 10. Ba3 Qa5 11. Bb2 Nbd7 12. Qd2 d5 13. cxd5 cxd5 14. Rfc1 Rac8 15. Ne1 Rc6 16. Nd3 Rfc8 17. e3 Bg8 18. f3 e6 19. Bf1 Qd8 20. a4 Bf8 21. a5 Ne8 22. Nc5 Nxc5 23. dxc5 Bg7 24. b4 a6 25. Na4 Qe7 26. Bxg7+ Nxg7 27. Rab1 e5 28. b5 axb5 29. Rxb5 Rd8 30. Qb2 Rc7 31. Rb1 d4 32. Rxb7 dxe3 33. c6 Bd5 34. Qb6 Ne6 35. Qxe3 Nd4 36. Rxc7 Qxc7 37. Rb7 Qd6 38. Qh6 Nxf3+ 39. Kf2 Bf7 40. Rxf7 Qd4+ 41. Qe3 Qxa4 42. c7 Rc8 43. Kxf3 Qxa5 44. Re7 Rxc7 45. Rxe5 Qc3 46. Bd3 Rd7 47. Bb5 Qxe3+ 48. Kxe3 Ra7 49. Rd5 Ra2 50. h3 Kg7 51. Rd7+ Kh6 52. Bc4 Ra8 53. Kf4 Rc8 54. Bd5 Rf8 55. Ke5 Re8+ 56. Kf6 Rb8 57. Rb7 Rd8 58. Rb4 g5 59. h4 g4 60. Be6 

1-0

[Event "Barcelona Vulca"]
[Site "?"]
[Date "1991.??.??"]
[Round "?"]
[White "Comas Fabrego, Lluis"]
[Black "Bellon Lopez, Juan Manuel"]
[WhiteElo "2375"]
[BlackElo "2495"]
[Result "1-0"]

1. d4 Nf6 2. c4 c5 3. d5 b5 4. cxb5 a6 5. b6 g6 6. Nc3 Bg7 7. e4 O-O 8. e5 Ne8 9. Qb3 Bb7 10. Nf3 d6 11. e6 fxe6 12. Ng5 Rf5 13. Nxe6 Qc8 14. Bc4 Nd7 15. Be3 Rb8 16. Nxg7 Kxg7 17. h4 Nef6 18. h5 Rxh5 19. Rxh5 Nxh5 20. O-O-O Nhf6 21. Be2 Qd8 22. g4 Qxb6 23. g5 Ne8 24. Qc2 Kg8 25. Ne4 Ng7 26. Ng3 Bc8 27. Bd2 Qd8 28. Bc3 Qf8 29. Qe4 Nb6 30. Rh1 Qf7 31. Qh4 Nf5 32. Nxf5 Bxf5 33. Bf3 Bd7 34. b3 Rf8 35. Kb2 Bc8 36. Ba5 Nd7 37. Ka3 Qg7 38. Bc3 Ne5 39. Be2 Bd7 40. f4 Bb5 41. fxe5 

1-0

[Event "Pamplona9495"]
[Site "?"]
[Date "1994.??.??"]
[Round "?"]
[White "Comas Fabrego, Lluis"]
[Black "De La Villa Garcia, Jesus Maria"]
[WhiteElo "2490"]
[BlackElo "2490"]
[Result "1-0"]

1. d4 d5 2. c4 dxc4 3. e4 Nf6 4. e5 Nd5 5. Bxc4 Nb6 6. Bd3 Nc6 7. Ne2 Bg4 8. f3 Be6 9. Nbc3 Qd7 10. Ne4 Bd5 11. Nc5 Qc8 12. Be3 e6 13. Rc1 Nb4 14. a3 Nxd3+ 15. Qxd3 Bc6 16. O-O a6 17. Bg5 Bb5 18. Qe4 Nd5 19. a4 Bxe2 20. Qxe2 h6 21. Bd2 b6 22. Ne4 Qd7 23. b3 Be7 24. g4 a5 25. Kh1 h5 26. g5 g6 27. Rc2 Qc8 28. Rfc1 Qa6 29. Qxa6 Rxa6 30. Rxc7 O-O 31. Rb7 Raa8 32. Nf6+ Bxf6 33. gxf6 Rab8 34. Rxb8 Rxb8 35. Kg2 b5 36. axb5 Rxb5 37. Rc8+ Kh7 38. Rf8 Rb7 39. Kg3 g5 40. Bxg5 Nb4 41. Bd2 Nc6 42. Be3 Rd7 43. Kh4 Nxd4 44. Bxd4 Rxd4+ 45. Kg5 Rd7 46. h4 

1-0

[Event "LXVIII Spanish Championship Scheveningen"]
[Site "?"]
[Date "2003.10.29"]
[Round "?"]
[White "Comas Fabrego, Lluis"]
[Black "Rodriguez Guerrero, Enrique"]
[WhiteElo "2502"]
[BlackElo "2485"]
[Result "1-0"]

1. e4 e6 2. d3 d5 3. Nd2 Nf6 4. Ngf3 c5 5. g3 Nc6 6. Bg2 Be7 7. O-O O-O 8. Re1 b5 9. e5 Nd7 10. Nf1 a5 11. h4 b4 12. N1h2 a4 13. Bg5 Ba6 14. Ng4 Nd4 15. Nxd4 cxd4 16. Qd2 Rc8 17. f4 Bb5 18. b3 Rc3 19. Qf2 h6 20. Bxe7 Qxe7 21. Rad1 Rfc8 22. Rd2 Qc5 23. Ree2 Nb8 24. Nh2 Bd7 25. Nf3 Nc6 26. h5 Kf8 27. Bh3 Ke8 28. g4 Kd8 29. g5 Kc7 30. gxh6 gxh6 31. Kh2 Qe7 32. Nxd4 Nxd4 33. Qxd4 Qc5 34. Qxc5+ Rxc5 35. Rg2 Kd8 36. Bg4 Ke7 37. Bd1 d4 38. Rg7 Rh8 39. Kg1 Bc6 40. Kf2 Bd5 41. Ke1 Kf8 42. Rg4 Rg8 43. Rxg8+ Kxg8 44. Rh2 a3 45. Rh4 f5 46. exf6 Kf7 47. Rg4 Rc8 48. Kf2 Rg8 49. Rxg8 Kxg8 50. Bf3 Kf7 51. Be4 Kxf6 52. Kf3 Kf7 53. f5 Ke7 54. Kf4 Kf6 55. fxe6 Bxe6 56. Bc6 Bh3 57. Bd5 Bf5 58. Bg8 Bd7 59. Ke4 Bg4 60. Kxd4 Bxh5 61. Bd5 Bd1 62. Kc4 Bxc2 63. d4 Bb1 64. Kxb4 Kf5 65. Kxa3 h5 66. Bg2 Kf4 67. d5 h4 68. d6 Bf5 69. Bc6 

1-0

[Event "zt 1.1"]
[Site "?"]
[Date "2000.09.10"]
[Round "?"]
[White "Comas Fabrego, Lluis"]
[Black "Bellini, Fabio"]
[WhiteElo "2516"]
[BlackElo "2484"]
[Result "1-0"]

1. d4 Nf6 2. c4 e6 3. Nc3 d5 4. cxd5 exd5 5. Bg5 c6 6. Qc2 Na6 7. e3 Nb4 8. Qd2 Bf5 9. Rc1 a5 10. a3 Na6 11. Nge2 Bd6 12. f3 Be7 13. g4 Be6 14. Nf4 Nb8 15. Bd3 Nbd7 16. Bh4 Bd6 17. Qf2 Qb8 18. Nce2 h6 19. Nxe6 fxe6 20. Bg6+ Ke7 21. O-O Nf8 22. Bb1 g5 23. Bg3 h5 24. e4 Bxg3 25. Nxg3 h4 26. Ne2 N8d7 27. e5 Nh7 28. f4 Qg8 29. f5 Nhf8 30. Qe3 a4 31. Qd2 Kd8 32. Qb4 Ra7 33. Nc3 h3 34. Nxa4 Rh4 35. Nc5 Rxg4+ 36. Kh1 Kc7 37. Nxe6+ Nxe6 38. Qd6+ Kc8 39. fxe6 

1-0

[Event "ESP-ch Playoff"]
[Site "?"]
[Date "1993.??.??"]
[Round "?"]
[White "Comas Fabrego, Lluis"]
[Black "Garcia Ilundain, David"]
[WhiteElo "2435"]
[BlackElo "2480"]
[Result "1-0"]

1. Nf3 Nf6 2. d4 e6 3. Bg5 h6 4. Bxf6 Qxf6 5. e4 d6 6. Nc3 Nd7 7. Qd2 g6 8. Nb5 Qd8 9. Qc3 c6 10. d5 cxb5 11. dxe6 Rh7 12. exd7+ Bxd7 13. Bd3 Qc8 14. Qd2 Qc5 15. O-O Bg7 16. c3 Rh8 17. Rac1 Ke7 18. b4 Qb6 19. c4 bxc4 20. Bxc4 Rac8 21. Rfe1 Rhd8 22. h4 Kf8 23. Bb3 Rxc1 24. Rxc1 Re8 25. e5 Bxe5 26. Qxh6+ Bg7 27. Qf4 Re7 28. Rd1 Be6 29. Rxd6 Qc7 30. g3 Bxb3 31. axb3 Be5 32. Qh6+ Bg7 33. Qd2 Bc3 34. Qd5 Bxb4 35. Rd8+ Re8 36. Rd7 Qc1+ 37. Kg2 Be7 38. Ne5 

1-0

[Event "Barcelona Vulca"]
[Site "?"]
[Date "1991.??.??"]
[Round "?"]
[White "Comas Fabrego, Lluis"]
[Black "Campos Moreno, Javier B"]
[WhiteElo "2375"]
[BlackElo "2480"]
[Result "1-0"]

1. d4 Nf6 2. c4 e6 3. Nc3 Bb4 4. Bg5 c5 5. d5 d6 6. e3 Bxc3+ 7. bxc3 Qe7 8. Nf3 h6 9. Bh4 e5 10. Nd2 g5 11. Bg3 Bf5 12. Be2 Nbd7 13. f3 O-O-O 14. e4 Bg6 15. Bf2 Nh5 16. Qa4 Kb8 17. g3 f5 18. Bd3 fxe4 19. Bxe4 Bxe4 20. fxe4 Nhf6 21. Rf1 Rdf8 22. O-O-O Rf7 23. Bg1 Rhf8 24. Rde1 Qd8 25. Rf5 Ne8 26. Rxf7 Rxf7 27. Kc2 Nb6 28. Qb3 Qd7 29. Qb5 Qc8 30. a4 Na8 31. Rb1 Nac7 32. Qb2 Na6 33. Kb3 Qd7 34. Ka3 Kc8 35. Qb5 Nb8 36. Be3 a6 37. Qxd7+ Nxd7 38. h4 gxh4 39. gxh4 h5 40. Rg1 Ndf6 41. Rf1 Rg7 42. Bg5 Nh7 43. Rf5 Nxg5 44. hxg5 Kd8 45. Nf3 Ke7 46. Nh4 Rg8 47. a5 Rg7 48. Kb3 Rg8 49. Kc2 Rg7 50. Kd2 Rg8 51. Kd3 Rg7 52. g6 Nf6 53. Rf3 Rg8 54. Nf5+ Kd7 55. Nxd6 Rxg6 56. Nxb7 h4 57. Nxc5+ Kc8 58. Nxa6 Nd7 59. Nb4 

1-0

[Event "Spanish Championship Gp B"]
[Site "?"]
[Date "2001.11.18"]
[Round "?"]
[White "Comas Fabrego, Lluis"]
[Black "Lopez Martinez, J"]
[WhiteElo "2510"]
[BlackElo "2474"]
[Result "1-0"]

1. d4 d5 2. c4 c6 3. Nf3 Nf6 4. Nc3 dxc4 5. a4 Bf5 6. e3 e6 7. Bxc4 Bb4 8. O-O O-O 9. Qe2 Nbd7 10. e4 Bg6 11. Bd3 h6 12. Bf4 Re8 13. h3 Qa5 14. Rfd1 Rac8 15. Nd2 Bxc3 16. bxc3 Qxc3 17. Nc4 Red8 18. Rdc1 Qb4 19. Rcb1 Qf8 20. Bd6 Qe8 21. Rxb7 Nb6 22. Bc5 Nxc4 23. Re7 Qf8 24. Rxe6 Nd6 25. Rxd6 Rxd6 26. e5 Bxd3 27. Qxd3 Ne8 28. exd6 Nxd6 29. Bxa7 Qd8 30. a5 Nb5 31. Bc5 Ra8 32. a6 Qd7 33. a7 g6 34. h4 h5 35. g3 Rxa7 36. Bxa7 Nxa7 37. d5 cxd5 38. Rd1 Nc6 39. Qxd5 Qxd5 40. Rxd5 Ne7 41. Rd8+ Kg7 42. Rd7 Nf5 43. Kg2 Kf6 44. Kf3 Ng7 45. Ke4 Ne6 46. Rd5 Ng7 47. Rd6+ Ne6 48. Rc6 Kg7 49. Ke5 Nf8 50. Rd6 Nh7 51. f4 Nf8 52. f5 f6+ 53. Kf4 Kf7 54. Ra6 Kg7 55. Ra7+ Kh6 56. Rf7 g5+ 57. Ke4 

1-0

[Event "ESP-chT"]
[Site "?"]
[Date "1990.??.??"]
[Round "?"]
[White "Comas Fabrego, Lluis"]
[Black "Cramling, Pia"]
[WhiteElo "2350"]
[BlackElo "2470"]
[Result "1-0"]

1. d4 Nf6 2. c4 c5 3. d5 b5 4. g3 g6 5. Bg2 d6 6. e4 Bg7 7. f4 O-O 8. Qe2 bxc4 9. Nc3 Na6 10. a3 Qa5 11. e5 Ne8 12. Nf3 Nb4 13. O-O Nd3 14. Bd2 Qa6 15. e6 f5 16. g4 Rb8 17. gxf5 Rxf5 18. Nh4 Rh5 19. Nxg6 hxg6 20. Qg4 Rh6 21. f5 Nf6 22. Qg3 Nh5 23. Qg5 Rxb2 24. Qxe7 Bd4+ 25. Rf2 Bxf2+ 26. Kf1 Rxd2 27. Ne4 Bh4 28. Qf7+ Kh8 29. e7 Bd7 30. Rb1 Rb2 31. Rxb2 Nxb2 32. Qf8+ Kh7 33. Qf7+ Ng7 34. f6 c3+ 35. Kg1 

1-0

[Event "Wch U20"]
[Site "?"]
[Date "1990.??.??"]
[Round "?"]
[White "Comas Fabrego, Lluis"]
[Black "Kosashvili, Yona"]
[WhiteElo "2350"]
[BlackElo "2470"]
[Result "1-0"]

1. e4 e5 2. Nf3 Nc6 3. Nc3 Nf6 4. d4 exd4 5. Nxd4 Bb4 6. Nxc6 bxc6 7. Bd3 d5 8. exd5 cxd5 9. Qe2+ Be7 10. Bg5 O-O 11. O-O-O Be6 12. Rhe1 h6 13. Bh4 Rb8 14. Bg3 Bb4 15. Nb5 Rxb5 16. Bxb5 Bxe1 17. Rxe1 c5 18. Be5 Ng4 19. Bc3 d4 20. Bd2 Qd5 21. b3 Qxg2 22. f3 Qxe2 23. Rxe2 Nf6 24. Re5 Rc8 25. Ba6 Rc6 26. Bb5 Rc8 27. Ba6 Rc7 28. Ba5 Rc6 29. Bb7 Rd6 30. Rxc5 Bd5 31. Bc7 Rd7 32. Bc8 Re7 33. Bd8 Re1+ 34. Kd2 Re5 35. Bxf6 gxf6 36. f4 Rh5 37. h3 Bf3 38. Rxh5 Bxh5 39. Kd3 Bd1 40. Bf5 Kf8 41. Kxd4 Ke7 42. Kc5 Bh5 43. b4 Bg6 44. Bxg6 fxg6 45. Kd4 g5 46. c4 Ke6 47. c5 f5 48. fxg5 hxg5 49. b5 Kd7 50. a4 Ke6 51. b6 axb6 52. cxb6 Kd6 53. a5 Kc6 54. Ke5 g4 55. hxg4 fxg4 56. Kf4 

1-0

[Event "24th Andorra Open"]
[Site "?"]
[Date "2006.07.15"]
[Round "?"]
[White "Comas Fabrego, Lluis"]
[Black "Damaso, Rui"]
[WhiteElo "2495"]
[BlackElo "2463"]
[Result "1-0"]

1. d4 Nf6 2. c4 e6 3. Nc3 Bb4 4. e3 O-O 5. Bd3 d5 6. cxd5 exd5 7. Ne2 Bd6 8. h3 a6 9. O-O c5 10. dxc5 Bxc5 11. Nf4 Be6 12. e4 dxe4 13. Nxe4 Nxe4 14. Bxe4 Qh4 15. Bxb7 Ra7 16. Nxe6 fxe6 17. Bf3 Raf7 18. Be3 Nd7 19. Bxc5 Nxc5 20. Qd6 Qg5 21. Rac1 Nd7 22. Qxe6 Ne5 23. Bd5 

1-0

[Event "ESP-ch"]
[Site "?"]
[Date "1997.10.04"]
[Round "?"]
[White "Comas Fabrego, Lluis"]
[Black "De La Riva Aguado, Oscar"]
[WhiteElo "2475"]
[BlackElo "2460"]
[Result "1-0"]

1. d4 f5 2. g3 Nf6 3. Bg2 g6 4. Nf3 Bg7 5. O-O O-O 6. c4 d6 7. d5 Qe8 8. Nc3 a5 9. e4 fxe4 10. Ng5 Na6 11. Ngxe4 Nxe4 12. Nxe4 b6 13. Re1 h6 14. Be3 Bd7 15. Qd2 Kh7 16. Bd4 Bxd4 17. Qxd4 Qf7 18. Re3 Rae8 19. Qd2 e5 20. dxe6 Bxe6 21. Rae1 Bd7 22. b3 Nc5 23. Nxc5 dxc5 24. Be4 Qg7 25. a4 h5 26. Qd3 Re6 27. Rd1 Rf7 28. Qe2 Kh8 29. Bxg6 Rxg6 30. Rxd7 Rxd7 31. Re8+ Kh7 32. Qxh5+ Qh6 33. Qf5 Rd1+ 34. Kg2 Qc1 35. Re7+ Kh6 36. Qf8+ Kh5 37. Rh7+ 

1-0

[Event "Championship CAT Final Group A"]
[Site "?"]
[Date "2015.04.11"]
[Round "?"]
[White "Comas Fabrego, Lluis"]
[Black "Pardo Simon, David"]
[WhiteElo "2506"]
[BlackElo "2458"]
[Result "1-0"]

1. e4 g6 2. d4 Bg7 3. Nf3 d6 4. c3 Nf6 5. Nbd2 O-O 6. Be2 e5 7. dxe5 dxe5 8. O-O Qe7 9. Re1 b6 10. a4 Bb7 11. Qc2 a5 12. b3 Nbd7 13. Ba3 Nc5 14. Bc4 h6 15. b4 axb4 16. cxb4 Ncxe4 17. b5 Nc5 18. Nxe5 Qd6 19. Rad1 Rae8 20. Ndf3 Nd5 21. Nc6 Bxc6 22. bxc6 Rxe1+ 23. Nxe1 Re8 24. Nf3 Qxc6 25. Bb5 

1-0

[Event "Championship CAT"]
[Site "?"]
[Date "2014.02.08"]
[Round "?"]
[White "Comas Fabrego, Lluis"]
[Black "Gual Pascual, Antonio"]
[WhiteElo "2512"]
[BlackElo "2447"]
[Result "1-0"]

1. d4 g6 2. g3 Bg7 3. Bg2 d6 4. Nf3 Nf6 5. O-O O-O 6. c4 Nc6 7. Nc3 a6 8. d5 Na5 9. b3 c5 10. dxc6 bxc6 11. Bb2 Rb8 12. Qc1 c5 13. Nd5 Nxd5 14. Bxg7 Kxg7 15. cxd5 Bg4 16. h3 Bxf3 17. exf3 e5 18. dxe6 Nc6 19. exf7 Rxf7 20. f4 Nd4 21. Qc4 a5 22. Rae1 Rb4 23. Qa6 Qb8 24. Bd5 Ra7 25. Qd3 a4 26. Re4 axb3 27. axb3 Qc8 28. Bc4 Qd7 29. Rxd4 cxd4 30. Qxd4+ Kh6 31. g4 

1-0

[Event "1st GM"]
[Site "?"]
[Date "2005.01.05"]
[Round "?"]
[White "Comas Fabrego, Lluis"]
[Black "Gonzalez Garcia, J"]
[WhiteElo "2509"]
[BlackElo "2447"]
[Result "1-0"]

1. d4 d5 2. c4 e6 3. Nc3 Nf6 4. cxd5 exd5 5. Bg5 c6 6. e3 Nbd7 7. Bd3 Bd6 8. Nf3 Nf8 9. Ne5 Qe7 10. f4 h6 11. Bh4 g5 12. Bg3 gxf4 13. exf4 Ng4 14. O-O Ne3 15. Qa4 Nxf1 16. Rxf1 Bxe5 17. Re1 b5 18. Nxb5 cxb5 19. Bxb5+ Bd7 20. Rxe5 Ne6 21. f5 Rd8 22. fxe6 fxe6 23. Bxd7+ Rxd7 24. Qa6 Rd6 25. Qc8+ Rd8 26. Qxe6 Qxe6 27. Rxe6+ Kf7 28. Ra6 Rd7 29. Be5 Rc8 30. Rxh6 Rc1+ 31. Kf2 Rc2+ 32. Kf3 Rxb2 33. g4 Rxa2 34. g5 Rd8 35. h4 Rc8 36. Rd6 Rf8 37. Kg4 a5 38. Rxd5 a4 39. Rd7+ Ke6 40. Rd6+ Ke7 41. Ra6 Kf7 42. g6+ Kg8 43. h5 Rg2+ 44. Bg3 Rd8 45. h6 Rxd4+ 46. Kf3 Rxg3+ 47. Kxg3 

1-0

[Event "24th Andorra Open"]
[Site "?"]
[Date "2006.07.11"]
[Round "?"]
[White "Comas Fabrego, Lluis"]
[Black "Ibarra Jerez, Jc"]
[WhiteElo "2495"]
[BlackElo "2445"]
[Result "1-0"]

1. d4 Nf6 2. c4 d6 3. Nf3 g6 4. Nc3 Bf5 5. Bg5 Bg7 6. e3 O-O 7. Nd2 c5 8. d5 Na6 9. Be2 Nc7 10. a4 a6 11. a5 Rb8 12. e4 Bd7 13. O-O Nfe8 14. Qc2 b5 15. axb6 Rxb6 16. f4 f6 17. Bh4 Qb8 18. b3 e5 19. fxe5 fxe5 20. Rxf8+ Bxf8 21. Bg5 Ng7 22. Nd1 Qe8 23. Nf2 Be7 24. Be3 Qd8 25. Nf3 Qb8 26. Bd1 Nge8 27. Nd3 Nf6 28. Nd2 Bg4 29. h3 Bxd1 30. Qxd1 Nd7 31. Qf3 Qd8 32. Rf1 Qe8 33. b4 Rb8 34. bxc5 dxc5 35. Qf2 Qf8 36. Qxf8+ Bxf8 37. Ra1 Rb6 38. Ra5 Ne8 39. Nxc5 Nxc5 40. Bxc5 Rb2 41. Bxf8 Kxf8 42. Nf3 Nd6 43. Nxe5 Nxe4 44. Rxa6 Re2 45. Re6 Kg7 46. Nf3 h5 47. d6 Ng3 48. Rxe2 Nxe2+ 49. Kf2 Nf4 50. d7 Ne6 51. Nd4 

1-0

[Event "20th Open"]
[Site "?"]
[Date "2002.07.13"]
[Round "?"]
[White "Comas Fabrego, Lluis"]
[Black "De La Villa Garcia, Jesus Maria"]
[WhiteElo "2503"]
[BlackElo "2441"]
[Result "1-0"]

1. d4 Nf6 2. c4 g6 3. g3 Bg7 4. Bg2 O-O 5. Nc3 d6 6. Nf3 Nbd7 7. O-O e5 8. e4 exd4 9. Nxd4 Re8 10. h3 a6 11. Re1 Rb8 12. a4 Ne5 13. b3 Nc6 14. Nc2 Nd7 15. Nd5 b5 16. axb5 axb5 17. cxb5 Rxb5 18. Rb1 Rb8 19. Be3 Nc5 20. b4 Ne6 21. f4 Ne7 22. Qd2 c5 23. Kh2 cxb4 24. Ncxb4 Bb7 25. Rbc1 Nc5 26. Bxc5 dxc5 27. Rxc5 Bxd5 28. exd5 Nf5 29. Nc6 Qd6 30. Nxb8 Rxb8 31. Rec1 h5 32. Rc8+ Rxc8 33. Rxc8+ Kh7 34. Be4 Ne7 35. Rc4 h4 36. gxh4 Bh6 37. Kg3 Qa6 38. Qd3 Qd6 39. Qd2 Qa6 40. Kg2 Qd6 41. Qb4 Bxf4 42. Qxd6 Bxd6 43. Ra4 f5 44. Ra6 fxe4 45. Rxd6 Nf5 46. Rd8 Kg7 47. d6 Kf7 48. h5 Ke6 49. d7 Ke7 50. h6 

1-0

[Event "ESP-chT"]
[Site "?"]
[Date "1997.??.??"]
[Round "?"]
[White "Comas Fabrego, Lluis"]
[Black "Bellon Lopez, Juan Manuel"]
[WhiteElo "2475"]
[BlackElo "2440"]
[Result "1-0"]

1. Nf3 c5 2. e4 g6 3. d3 Bg7 4. g3 d6 5. Bg2 Nc6 6. O-O e5 7. c3 Nge7 8. a3 a5 9. a4 O-O 10. Na3 h6 11. Nb5 Na7 12. Nxa7 Rxa7 13. d4 b6 14. dxe5 dxe5 15. Qxd8 Rxd8 16. Be3 Nc6 17. Rfd1 Rxd1+ 18. Rxd1 Be6 19. Bf1 Rd7 20. Rxd7 Bxd7 21. Bb5 Nb8 22. Nd2 Bxb5 23. axb5 Nd7 24. Kf1 Bf8 25. Ke2 Kg7 26. Kd3 Kf6 27. Nc4 h5 28. Kc2 Ke6 29. f3 Be7 30. Kb3 Bd8 31. Ka4 h4 32. gxh4 Bxh4 33. b4 axb4 34. cxb4 Be7 35. Kb3 Bd8 36. bxc5 bxc5 37. Bd2 f5 38. Ka4 fxe4 39. fxe4 Bc7 40. Ba5 Bd6 41. Bd8 Nf8 42. Ka5 Kd7 43. Bf6 Ke6 44. Bg7 Nd7 45. Ka6 Be7 46. b6 Bd6 47. Kb7 Ke7 48. Bh6 

1-0

[Event "ESP-ch"]
[Site "?"]
[Date "1993.??.??"]
[Round "?"]
[White "Comas Fabrego, Lluis"]
[Black "Romero Holmes, Alfonso"]
[WhiteElo "2435"]
[BlackElo "2440"]
[Result "1-0"]

1. d4 Nf6 2. c4 g6 3. Nc3 Bg7 4. e4 d6 5. Nf3 O-O 6. h3 e5 7. d5 a5 8. Be3 Na6 9. Be2 Bd7 10. g4 h5 11. Ng5 h4 12. Nf3 Nc5 13. Bg5 c6 14. Nd2 Qb6 15. Rb1 Nh7 16. Bxh4 f5 17. f3 fxg4 18. hxg4 Bxg4 19. fxg4 Bh6 20. Nb3 Nxb3 21. axb3 Bg5 22. Bg3 Qe3 23. Qd3 Qxd3 24. Bxd3 Rf3 25. Bxe5 dxe5 26. Be2 Rg3 27. Rd1 c5 28. d6 Rd8 29. Rd5 b6 30. Rxe5 Rxd6 31. Nd5 Bf6 32. Re8+ Kf7 33. Rb8 Ng5 34. Rf1 Nxe4 35. Bf3 Ng5 36. Bh1 Kg7 37. Rb7+ Nf7 38. Nxf6 Re3+ 39. Kf2 Rxf6+ 40. Kxe3 Rxf1 41. Bd5 Kf8 42. Rb8+ Ke7 43. Rxb6 Ne5 44. Re6+ 

1-0

[Event "ESP-ch"]
[Site "?"]
[Date "1997.10.02"]
[Round "?"]
[White "Comas Fabrego, Lluis"]
[Black "Bernal Moro, Luis Javier"]
[WhiteElo "2475"]
[BlackElo "2430"]
[Result "1-0"]

1. d4 Nf6 2. c4 d6 3. Nc3 Nbd7 4. e4 e5 5. Nge2 g6 6. f3 Bg7 7. Bg5 c6 8. Qd2 O-O 9. d5 cxd5 10. cxd5 a6 11. g4 h6 12. Be3 h5 13. g5 Ne8 14. Rg1 b5 15. Nc1 Nb6 16. b3 Bd7 17. Nd3 Nc8 18. Be2 Ne7 19. a4 f6 20. h4 fxg5 21. hxg5 bxa4 22. bxa4 a5 23. Nb2 Nc7 24. Nc4 Nc8 25. Qb2 Rf7 26. Qb7 Bh3 27. Kd2 Bf8 28. Rab1 Be7 29. Kc2 Qd7 30. Rg3 h4 31. Rxh3 Qxh3 32. Qxc7 Bxg5 33. Qc6 Bxe3 34. Qxa8 Ra7 

1-0

[Event "Hospitalet op"]
[Site "?"]
[Date "1993.??.??"]
[Round "?"]
[White "Comas Fabrego, Lluis"]
[Black "Hergott, Deen"]
[WhiteElo "2435"]
[BlackElo "2430"]
[Result "1-0"]

1. d4 g6 2. c4 Bg7 3. Nc3 c5 4. d5 Bxc3+ 5. bxc3 f5 6. e4 fxe4 7. f3 Qa5 8. fxe4 Nf6 9. Qc2 d6 10. Nf3 Nbd7 11. Bd3 b5 12. cxb5 a6 13. b6 Nxb6 14. O-O c4 15. Be2 Qa4 16. Bd1 Qxc2 17. Bxc2 Nbd7 18. Be3 Ng4 19. Bd4 O-O 20. Rab1 a5 21. Ba4 Nge5 22. Bxe5 dxe5 23. Bc6 Ra7 24. Bxd7 Bxd7 25. Nxe5 Rxf1+ 26. Kxf1 Kg7 27. Ke2 Kf6 28. Nxc4 e6 29. Ke3 exd5 30. exd5 Bf5 31. Rb6+ Ke7 32. Kd4 

1-0